[Event "IECG QN.2000.0.00105"]
[Site "IECG email"]
[Date "2000.03.25"]
[Round "?"]
[White "Fard, Mahmoud"]
[Black "Korhonen, Paul"]
[Result "1-0"]
[WhiteElo "800"]
[BlackElo "558"]
[PlyCount "59"]
[EventDate "2000.03.25"]
[EventType "tourn (corr)"]
[EventRounds "6"]
[SourceTitle "Corr 2008"]
[Source "ChessBase"]
[SourceDate "2008.06.24"]
[SourceVersion "1"]
[SourceVersionDate "2008.06.24"]
[SourceQuality "1"]

1. e4 e5 2. Nf3 Nc6 3. Bb5 a6 4. Ba4 b5 5. Bb3 Nf6 6. 0-0 Be7 7. Re1 0-0 8. c3 Bd6 9. d4 Bb7 10. dxe5 Nxe5 11. Nxe5 Bxe5 12. f4 Bxf4 13. Bxf4 Nxe4 14. Nd2 Nc5 15. Bc2 Ne6 16. Qh5 g6 17. Qh6 Qf6 18. Be5 Qe7 19. Be4 Qc5+ 20. Qe3 Bxe4 21. Qxc5 Nxc5 22. Nxe4 Nxe4 23. Rxe4 Rfe8 24. Rae1 d6 25. Bf6 Rxe4 26. Rxe4 h5 27. h4 c6 28. Re7 a5 29. Rc7 Ra6 30. Rc8+ 1-0